| 000 | 00471nam a2200181Ia 4500 | ||
|---|---|---|---|
| 003 | GCL | ||
| 008 | 140319s9999 xx 000 0 ara d | ||
| 040 |
_aGCL / _cGCL |
||
| 082 | 0 | 4 |
_aد _b050 |
| 100 | 1 | _aمحمود متولى | |
| 245 | 1 | 0 |
_aطغاة التاريخ (اقرا 588 ) / _cمحمود متولى |
| 300 | _a195 | ||
| 490 |
_aاقرأ _v0 |
||
| 650 | 0 | 4 | _aزعماء مصر |
| 650 | 0 | 4 | _aالرجال - تراجم |
| 650 | 0 | 4 | _aزعماء |
| 942 |
_2ddc _cBK |
||
| 999 |
_c48989 _d48989 |
||